000 00773cam a2200205Ka 4500
082 0 4 _a951.5
_bHED
100 1 _aHedin, Sven Anders,
_949985
245 1 0 _aTrans-Himalaya
_bdiscoveries and adventures in Tibet /
_cby Sven Hedin.
260 _aNew York :
_bMacmillan,
_c1909-1913.
300 _a1 online resource (3 v.) :
_bill. (some col.)
500 _aIncludes indexes.
500 _aVols. 1-2 published in 1909 as a 2-vol. work. Vol. 3 published in 1913 in London.
505 0 _avols 1-2; 1913 = vol 3.
505 0 _avols 1-3.
526 _a0
_b0
_c0
_d951_500000000000000_HED
650 _aMCE
_9379
856 4 0 _uhttp://catalog.hathitrust.org/api/volumes/oclc/2963345.html
856 4 0 _uhttp://catalog.hathitrust.org/api/volumes/oclc/3380828.html
942 _2ddc
_cBK
999 _c553037
_d553037